Interim Report on Tariff Commission Review Committee (Record no. 500345)

000 -LEADER
fixed length control field 00345cam a22001097a 4500
008 - FIXED-LENGTH DATA ELEMENTS--GENERAL INFORMATION
fixed length control field 180718b1966 xxu||||| |||| 00| 0 eng d
082 ## - DEWEY DECIMAL CLASSIFICATION NUMBER
Classification number L2800x54 In2in
100 ## - MAIN ENTRY--PERSONAL NAME
Personal name Tariff Commission Review Committee
245 ## - TITLE STATEMENT
Title Interim Report on Tariff Commission Review Committee
Statement of responsibility, etc. by Tariff Commission Review Committee
260 ## - PUBLICATION, DISTRIBUTION, ETC.
Place of publication, distribution, etc.
Name of publisher, distributor, etc.
Date of publication, distribution, etc. 1966
300 ## - PHYSICAL DESCRIPTION
Extent 11p.
Holdings
Withdrawn status Lost status Damaged status Not for loan Permanent Location Current Location Date acquired Full call number Barcode Date last seen Price effective from Koha item type
        Indian Institute of Public Administration Indian Institute of Public Administration 2018-08-04 L2800x54 In2in GG4923 2018-08-04 2018-08-04 GG

Powered by Koha